Вопросы грамматики, лексикологии и стилистики романо-германских языков : (Record no. 21504)
[ view plain ]
| 000 -LEADER | |
|---|---|
| fixed length control field | 01175nam a2200205 a 4500 |
| 001 - CONTROL NUMBER | |
| control field | 000071060 |
| 003 - CONTROL NUMBER IDENTIFIER | |
| control field | AM-YEHGA |
| 005 - DATE AND TIME OF LATEST TRANSACTION | |
| control field | 20250617121712.0 |
| 008 - FIXED-LENGTH DATA ELEMENTS--GENERAL INFORMATION | |
| fixed length control field | 030329s1976 ||||| |||||||||||||rus|c |
| 040 ## - CATALOGING SOURCE | |
| Original cataloging agency | AM-YeHGA |
| 041 0# - LANGUAGE CODE | |
| Language code of text/sound track or separate title | rus |
| 090 ## - LOCALLY ASSIGNED LC-TYPE CALL NUMBER (OCLC); LOCAL CALL NUMBER (RLIN) | |
| -- | 21727 |
| 245 00 - TITLE STATEMENT | |
| Title | Вопросы грамматики, лексикологии и стилистики романо-германских языков : |
| Remainder of title | (В помощь изучающим теоретические курсы) : Сборник статей / |
| Statement of responsibility, etc. | Отв. ред. Н. М. Фирсова ; Ун-т дружбы народов им. Патриса Лумумбы. Кафедра иностранных языков гуманитарных специальностей. |
| 260 ## - PUBLICATION, DISTRIBUTION, ETC. | |
| Place of publication, distribution, etc. | Москва : |
| Name of publisher, distributor, etc. | Б. и., |
| Date of publication, distribution, etc. | 1976. |
| 300 ## - PHYSICAL DESCRIPTION | |
| Extent | 76 с. |
| 650 14 - SUBJECT ADDED ENTRY--TOPICAL TERM | |
| Topical term or geographic name entry element | Романо-германские языки |
| 700 1# - ADDED ENTRY--PERSONAL NAME | |
| Personal name | Фирсова, Наталия Михайловна |
| Relator term | ред. |
| Relationship | edt |
| 710 2# - ADDED ENTRY--CORPORATE NAME | |
| Corporate name or jurisdiction name as entry element | Университет дружбы народов им. Патриса Лумумбы. |
| Subordinate unit | Кафедра иностранных языков гуманитарных специальностей |
| 942 ## - ADDED ENTRY ELEMENTS (KOHA) | |
| Source of classification or shelving scheme | Universal Decimal Classification |
| Koha item type | Գրքեր / Books |
| Withdrawn status | Lost status | Damaged status | Not for loan | Collection | Home library | Current library | Date acquired | Total checkouts | Full call number | Barcode | Date last seen | Price effective from | Koha item type | Public note |
|---|---|---|---|---|---|---|---|---|---|---|---|---|---|---|
| General | Fundamental Scientific Library | Fundamental Scientific Library | 21/12/2016 | РII/386567 | FL0373166 | 21/12/2016 | 21/12/2016 | Գրքեր / Books | 30 Days Loan |
ՀՀ Գիտությունների ազգային ակադեմիայի հիմնարար գիտական գրադարան = Fundamental Scientific Library of NAS RA
All site content, except where otherwise noted, is licensed under a